COMPUTER (Record no. 216449)

MARC details
000 -LEADER
fixed length control field 00416nam a22001577a 4500
008 - FIXED-LENGTH DATA ELEMENTS--GENERAL INFORMATION
fixed length control field 260112b |||||||| |||| 00| 0 eng d
020 ## - INTERNATIONAL STANDARD BOOK NUMBER
International Standard Book Number 978-81-203-5156-1
100 ## - MAIN ENTRY--PERSONAL NAME
Personal name SEGUIN, DENISE
245 ## - TITLE STATEMENT
Title COMPUTER
Remainder of title CONCEPTS AND MICROSOFT OFFICE 2013
260 ## - PUBLICATION, DISTRIBUTION, ETC.
Place of publication, distribution, etc. DELHI
Name of publisher, distributor, etc. PHI LEARNING
Date of publication, distribution, etc. 2015
300 ## - PHYSICAL DESCRIPTION
Extent XXIV, 490P.
500 ## - GENERAL NOTE
General note INCLUDES INDEX
650 ## - SUBJECT ADDED ENTRY
Topical term or geographic name entry element COMPUTERS
942 ## - ADDED ENTRY ELEMENTS (KOHA)
Source of classification or shelving scheme Library of Congress Classification
Koha item type Long Loan Book
Holdings
Withdrawn status Lost status Source of classification or shelving scheme Damaged status Not for loan Collection Home library Current library Shelving location Date acquired Inventory number Total checkouts Full call number Barcode Date due Date last seen Copy number Price effective from Koha item type
    Library of Congress Classification     Science & Technology Kisii University Library Kisii University Library On Display 01/12/2026 110617   QA 76 .S44 2014 000000017678 01/12/2026 01/12/2026 C.1 01/12/2026 Long Loan Book
    Library of Congress Classification     Science & Technology Kisii University Library Kisii University Library On Display 01/12/2026 110618   QA 76 .S44 2014 000000017675 01/12/2026 01/12/2026 C.2 01/12/2026 Long Loan Book
    Library of Congress Classification     Science & Technology Kisii University Library Kisii University Library On Display 01/12/2026 110619   QA 76 .S44 2014 000000017677 01/12/2026 01/12/2026 C.3 01/12/2026 Long Loan Book
    Library of Congress Classification     Science & Technology Kisii University Library Kisii University Library On Display 01/12/2026 110620   QA 76 .S44 2014 000000017676 01/12/2026 01/12/2026 C.4 01/12/2026 Long Loan Book